000 00351 a2200157 4500
001 48376
020 _a9788516091866
040 _cAnchieta - Bela Vista
100 _aAzevado, Ricardo
240 1 0 _aO sábio ao contrário
_lpor
245 1 0 _aO sábio ao contrário
300 _a76
362 0 _a2014
650 4 _aLiteratura juvenil
942 _cBK
999 _c48376
_d48376